<?xml version="1.0" encoding="UTF-8"?>
<record
    xmlns:xsi="http://www.w3.org/2001/XMLSchema-instance"
    xsi:schemaLocation="http://www.loc.gov/MARC21/slim http://www.loc.gov/standards/marcxml/schema/MARC21slim.xsd"
    xmlns="http://www.loc.gov/MARC21/slim">

  <leader>01303nam a2200289 a 4500</leader>
  <controlfield tag="001">000011431</controlfield>
  <controlfield tag="005">20200120221907.0</controlfield>
  <controlfield tag="008">990623s1988    ck a   er     00  0 spa d</controlfield>
  <datafield tag="082" ind1="0" ind2="4">
    <subfield code="a">615.8</subfield>
    <subfield code="b">E52</subfield>
    <subfield code="2">21</subfield>
  </datafield>
  <datafield tag="245" ind1="0" ind2="0">
    <subfield code="a">Enciclopedia de medicina natural.</subfield>
  </datafield>
  <datafield tag="250" ind1=" " ind2=" ">
    <subfield code="a">1a. ed.</subfield>
  </datafield>
  <datafield tag="260" ind1=" " ind2=" ">
    <subfield code="a">[s.l.] :</subfield>
    <subfield code="b">Osiris editores,</subfield>
    <subfield code="c">1988.</subfield>
  </datafield>
  <datafield tag="300" ind1=" " ind2=" ">
    <subfield code="a">v. : il.</subfield>
  </datafield>
  <datafield tag="500" ind1=" " ind2=" ">
    <subfield code="a">Ejemplares de BiblioParque de Funza : Colecci&#xF3;n proveniente de la Antigua Biblioteca Municipal, Centro Cultural Bacat&#xE1;, Funza (Cundinamarca). Solo existen en BiblioParque v.1 a 4.</subfield>
  </datafield>
  <datafield tag="500" ind1=" " ind2=" ">
    <subfield code="a">Contenido tomado de la contraportada no corresponde con el contenido de la portada biblioteca Mosquera</subfield>
  </datafield>
  <datafield tag="505" ind1="0" ind2=" ">
    <subfield code="g">v.1</subfield>
    <subfield code="t">Definici&#xF3;n, etiolog&#xED;a, s&#xED;ntomas, diagn&#xF3;stico y tratamiento de las enfermedades : Alergia. --</subfield>
  </datafield>
  <datafield tag="505" ind1="0" ind2=" ">
    <subfield code="g">v.2</subfield>
    <subfield code="t">Definici&#xF3;n, etiolog&#xED;a, s&#xED;ntomas, diagn&#xF3;stico y tratamiento de las enfermedades : Coraz&#xF3;n y aparato circulatorio. --</subfield>
  </datafield>
  <datafield tag="505" ind1="0" ind2=" ">
    <subfield code="g">v.3</subfield>
    <subfield code="t">Definici&#xF3;n, etiolog&#xED;a, s&#xED;ntomas, diagn&#xF3;stico y tratamiento de las enfermedades : ojos, o&#xED;dos, nariz y boca.</subfield>
  </datafield>
  <datafield tag="650" ind1="1" ind2="4">
    <subfield code="a">Medicina</subfield>
  </datafield>
  <datafield tag="650" ind1="2" ind2="4">
    <subfield code="a">Diagn&#xF3;stico</subfield>
  </datafield>
  <datafield tag="650" ind1="2" ind2="4">
    <subfield code="a">Plantas medicinales</subfield>
  </datafield>
  <datafield tag="650" ind1="2" ind2="4">
    <subfield code="a">Medicina naturista</subfield>
  </datafield>
  <datafield tag="650" ind1="2" ind2="4">
    <subfield code="a">Fisioterapia</subfield>
  </datafield>
  <datafield tag="650" ind1="2" ind2="4">
    <subfield code="a">Hidroterapia</subfield>
  </datafield>
  <datafield tag="650" ind1="2" ind2="4">
    <subfield code="a">Ba&#xF1;os de sol</subfield>
  </datafield>
  <datafield tag="650" ind1="2" ind2="4">
    <subfield code="a">Tratamiento de enfermedades</subfield>
  </datafield>
  <datafield tag="999" ind1=" " ind2=" ">
    <subfield code="c">744</subfield>
    <subfield code="d">744</subfield>
  </datafield>
  <datafield tag="952" ind1=" " ind2=" ">
    <subfield code="0">0</subfield>
    <subfield code="1">0</subfield>
    <subfield code="2">ddc</subfield>
    <subfield code="4">0</subfield>
    <subfield code="7">0</subfield>
    <subfield code="8">GEN</subfield>
    <subfield code="a">BPMOS</subfield>
    <subfield code="b">BPMOS</subfield>
    <subfield code="d">2020-01-20</subfield>
    <subfield code="i">106898</subfield>
    <subfield code="l">2</subfield>
    <subfield code="o">615.8 E52</subfield>
    <subfield code="p">MOS002664</subfield>
    <subfield code="r">2022-04-12</subfield>
    <subfield code="s">2022-04-07</subfield>
    <subfield code="t">v.1 ej.1</subfield>
    <subfield code="w">2020-01-20</subfield>
    <subfield code="y">BK</subfield>
    <subfield code="z">Ocho d&#xED;as</subfield>
  </datafield>
  <datafield tag="952" ind1=" " ind2=" ">
    <subfield code="0">0</subfield>
    <subfield code="1">0</subfield>
    <subfield code="2">ddc</subfield>
    <subfield code="4">0</subfield>
    <subfield code="7">0</subfield>
    <subfield code="8">GEN</subfield>
    <subfield code="a">BPMOS</subfield>
    <subfield code="b">BPMOS</subfield>
    <subfield code="d">2020-01-20</subfield>
    <subfield code="i">106900</subfield>
    <subfield code="l">1</subfield>
    <subfield code="o">615.8 E52</subfield>
    <subfield code="p">MOS002665</subfield>
    <subfield code="r">2022-03-28</subfield>
    <subfield code="s">2022-03-18</subfield>
    <subfield code="t">v.2 ej.1</subfield>
    <subfield code="w">2020-01-20</subfield>
    <subfield code="y">BK</subfield>
    <subfield code="z">Ocho d&#xED;as</subfield>
  </datafield>
  <datafield tag="952" ind1=" " ind2=" ">
    <subfield code="0">0</subfield>
    <subfield code="1">0</subfield>
    <subfield code="2">ddc</subfield>
    <subfield code="4">0</subfield>
    <subfield code="7">0</subfield>
    <subfield code="8">GEN</subfield>
    <subfield code="a">BPMOS</subfield>
    <subfield code="b">BPMOS</subfield>
    <subfield code="d">2020-01-20</subfield>
    <subfield code="i">106901</subfield>
    <subfield code="l">2</subfield>
    <subfield code="m">1</subfield>
    <subfield code="o">615.8 E52</subfield>
    <subfield code="p">MOS002666</subfield>
    <subfield code="r">2022-09-20</subfield>
    <subfield code="s">2022-02-22</subfield>
    <subfield code="t">v.3 ej.1</subfield>
    <subfield code="w">2020-01-20</subfield>
    <subfield code="y">BK</subfield>
    <subfield code="z">Ocho d&#xED;as</subfield>
  </datafield>
  <datafield tag="952" ind1=" " ind2=" ">
    <subfield code="0">0</subfield>
    <subfield code="1">0</subfield>
    <subfield code="2">ddc</subfield>
    <subfield code="4">0</subfield>
    <subfield code="7">0</subfield>
    <subfield code="8">GEN</subfield>
    <subfield code="a">BPMOS</subfield>
    <subfield code="b">BPMOS</subfield>
    <subfield code="d">2020-01-20</subfield>
    <subfield code="i">106899</subfield>
    <subfield code="l">1</subfield>
    <subfield code="o">615.8 E52</subfield>
    <subfield code="p">MOS002667</subfield>
    <subfield code="r">2022-06-24</subfield>
    <subfield code="s">2022-06-16</subfield>
    <subfield code="t">v.1 ej.2</subfield>
    <subfield code="w">2020-01-20</subfield>
    <subfield code="y">BK</subfield>
    <subfield code="z">Ocho d&#xED;as</subfield>
  </datafield>
</record>
